000 00657nam a2200217Ia 4500
005 20241129105803.0
008 241129s9999||||xx |||||||||||||| ||und||
020 _a978-1-032-24854-7
037 _aTB
040 _aARTS
_beng
_cARTS
041 _aeng
_2eng
084 _aX:77.2'P R2
_qARTS
100 _aNath Suman Ed.; Bhattacharya Debraj Ed.
_9724743
245 0 _aTheory, policy, practice: development and discontents in India
_cNath Suman Ed.; Bhattacharya Debraj Ed.
260 _aUK
_bRoutledge
_c2021
300 _axviii,276p.
365 _aINR
_b995
650 _aEconomics
942 _cTB
_hX:77.2'P R2
999 _c1225939
_d1225939